01061nas a2200241Ia 4500001001100000003000900011008004100020040001300061040001300074041001200087100004900099210002900148222002900177245011600206250001100322260004000333501008600373300002000459310001600479362002500495500026000520650003900780R707/F0362IT-RoPAU151124c99999999xx |||||||||||| ||und|| aIT-RoPAU cIT-RoPAU aTEDESCO aHoflich Joachim R.gCodice Aut. SPICS: 50177 aZEITSCHRIFT FUR SEMIOTIK aZeitschrift Fur Semiotik aZEITSCHRIFT FUR SEMIOTIK, VOL. 19-N.3 (1997)bAnsatze Zu Einer Theorie Der Technisch Vermittelten Kommunikation a1a ed. aTUBINGENbSTAUFFENBURG VERLAGc1997 bPaulus - SPICS - Società San Paolo EM (non-commercial uses only)cCopyright2015 a26 p. [203-228] aTRIMESTRALE aVOL. 19, N.03 (1997) aFondamenti per una Teoria della Comunicazione Mediata Dalla Tecnica. Due Regole: Specifiche Restrizioni Imposte Alla Comunicazione Dall'Uso di un Mezzo Tecnico Chiedono L'Applicazione di Regole Procedurali Specifiche Nei Processi Comunicativi, Limitazioni aSEMIOTICAvPUBBLICAZIONE PERIODICA